Biblical criticism in Nahman Krochmal's writings

Titel: Biblical criticism in Nahman Krochmal's writings : Between rabbinical tradition and Galician Enlightenment
Verfasser:
In: Uniwersytet Jagielloński w Krakowie. Instytut Judaistyki: Scripta judaica cracoviensia, Band 7 (2009), Seite 65-76
alle Artikel anzeigen
Veröffentlicht: 2009
Format: Aufsatz
Sprache: Polnisch
Kein Bild verfügbar
X
alg: 39428160
001A    $01999:12-11-16 
001B    $01999:29-05-21 $t17:48:09.000 
001D    $01999:12-11-16 
001U    $0utf8 
001X    $00 
002@    $0Aox 
003@    $0394281608 
007A    $0394281608 $aHEB 
007T    $0Herdkk00020484 
010@    $apol 
011@    $a2009 
021A    $aBiblical criticism in Nahman Krochmal's writings $dBetween rabbinical tradition and Galician Enlightenment 
028A    $aLehnardt $dAndreas 
031A    $d7 $h65-76 $j2009 
039B    $aIn $8--Abvc--Uniwersytet Jagielloński w Krakowie$bInstytut Judaistyki [Tb1]. Scripta judaica cracoviensia. - Kraków : Wydawn Uniw. Jagiellónskiego, 2002-. - ISSN 1733-5760 $x200900000070000935 $9119947331 
045F    $a200.9438 $eDDC23BSB 
045F/01 $a200.9 
045F/03 $g438 
045T    $aJUDAICA $qDE-30 $2FID 
045T    $a7,7 

lok: 39428160 78

exp: 39428160 78 1 #EPN
201B/01 $021-11-17 $t23:07:05.000 
201U/01 $0utf8 
203@/01 $0790392127 
208@/01 $a12-11-16 $be 
209A/01 $a/ $f000 $x00 
220C/01 $aTitelaufnehmer: pbb 
220C/01 $aHerkunft: PBB/IH PAN 
220C/01 $aAnmerkung: *uA 
244Z/01 $2Trx $#Poola $#Lenkija $#Polija $#Polen Land $#Poland $#Lengyelország $#Poľsko $#Polsko $8--Trx--Polska$gkraj $x01 $9391345966 
244Z/01 $#Galizien (Osteuropa) $#Galicja $#Galicija $#Galizien und Lodomerien $#Königreich Galizien $#Provinz Galizien $#Halyčyna $#Galiitsia $#Galīcija $#Galičina $#Halič $74019124-2 $8--Tg1--Galizien $x02 $9085045411 
244Z/01 $2Trx $8--Trx--Krochmal, Nahman$Z1785-1840 $x03 $9390938424 
244Z/01 $2Trx $#rabid $#rabinai $#Rabbis $#rabbik $#rabini $#rabíni $#rabíni $#Geistlichkeit, jüdische $#Clergy, jewish $8--Trx--Rabbiner $x04 $9391366440 
244Z/01 $2Trx $#usk, juudi $#judaizmas $#Jewish religion $#vallás, zsidó $#judaizm $#náboženstvo židovské $#náboženství židovské $#religia żydowska $8--Trx--Religion, jüdische $x05 $9391361279 
244Z/01 $2Trx $8--Trx--Zeitschriftenaufsatz $x06 $9391384341 
245Z/01 $a10.03.01 $x01 
247C/01 $82080>Marburg/Lahn, Herder-Institut, Forschungsbibliothek, Bibliographieportal $9336309341
LEADER 00000caa a22000002c 4500
001 394281608
003 DE-603
005 20210529174809.0
007 tu
008 161112s2009 xx |||| | u00||u|pol c
035 |a (DE-599)HEB394281608 
040 |a DE-603  |b ger  |c DE-603  |d DE-603 
041 |a pol 
082 0 4 |8 1\u  |a 200.9438  |q DE-101  |2 23/BSB 
084 |a JUDAICA  |q DE-30  |2 fid 
084 |a 7,7  |2 ssgn 
085 |8 1\u  |b 200.9 
085 |8 1\u  |z 2  |s 438 
100 1 |a Lehnardt, Andreas 
245 0 0 |a Biblical criticism in Nahman Krochmal's writings  |b Between rabbinical tradition and Galician Enlightenment 
264 0 |c 2009 
773 0 8 |i In  |a Uniwersytet Jagielloński w Krakowie. Instytut Judaistyki  |t Scripta judaica cracoviensia  |d Kraków : Wydawn Uniw. Jagiellónskiego, 2002-  |x 1733-5760  |g Band 7 (2009), Seite 65-76  |w (DE-603)119947331  |w (DE-600)2141449-X 
924 0 |9 2080  |a (DE-603)790392127  |b DE-2080  |c HES  |d d  |g /